Návrh opatrení na zlepšenie nakladania s odpadmi diplomová práca

Enregistré dans:
Détails bibliographiques
Auteur principal: Fedor, Alexander
Collectivité auteur: Podnikovohospodárska fakulta EU so sídlom v Košiciach. Katedra manažmentu
Autres auteurs: Bosák, Martin, 1967-
Format: Livre
Langue:slovaque
Publié: Košice 2022
Tags: Ajouter un tag
Pas de tags, Soyez le premier à ajouter un tag!

MARC

LEADER 00000nbm a2200000 4500
001 0284788
005 20230502144832.3
041 0 |a slo 
044 |a SK 
245 1 0 |a Návrh opatrení na zlepšenie nakladania s odpadmi  |b diplomová práca  |c Alexander Fedor ; školiteľ: Martin Bosák 
264 1 |a Košice  |c 2022 
300 |a 83 s. 
100 1 |a Fedor, Alexander 
700 1 |a Bosák, Martin, 1967- 
710 2 |a Podnikovohospodárska fakulta EU so sídlom v Košiciach. Katedra manažmentu